000 00974nam a2200205Ia 4500
003 Ost
005 20260507075119.0
008 260507s9999||||xx |||||||||||||| ||und||
040 _cfsecg
041 _aara
082 _a330
100 _aالطائي، نبيل ابراهيم محمود
_eمؤلف
245 0 _aالرياضة المالية /
_c نبيل ابراهيم محمود الطائي
260 _aعمان:
_bدار الشروق للنشر والتوزيع,
_c2003
300 _a212 صفحة؛
_bإيضاحات ؛
_c24 سم
520 _aالفائدة البسيطة- قانون الجملة بفائدة بسيطة وتطبيقاته العملية- القيمة الحالية والخصم بمعدل الفائدة أوخصم بسيط- الدفعات المؤكدة المتساوية- تسوية واستبدال الديون- الفائدة المركبة
653 _aالتحليل المالي
653 _aالرياضة
942 _cكتاب
999 _c43060
_d43060